000 01910nam a22002417a 4500
999 _c57145
_d57145
003 Ge_BSU
005 20191129160125.0
008 191129s2019 ||||| |||| 00| 0 geo d
020 _a9789941965289 (ყველა ტომის)
_c9789941965265 (მე-5 ტომის)
041 _ageo
080 _a94(479.22)''1918.05''(094.1)+328(479.22) ს-32
245 _aსაქართველოს დამფუძნებელი კრება : სხდომის ოქმები : 7 ტომად.
_bტ. 5, 1920 წლის 14 ნოემბერი - 16მარტი /
_cტომის სარედ.საბჭ. ირაკლი იაკობაშვილი ; მზია ხოსიტაშვილი ; ემზარ ჯგერენაია.
264 _aთბილისი:
_b საქ. პარლამენტის ეროვნ. ბიბ-კა,
_c2019.
300 _a537 გვ.:
_c 25 სმ.
500 _aეძღვნება საქართველოს დემოკრატიული რესპუბლიკის დამფუძნებელი კრების 100 წლისთავს
501 _aპირთა საძიებელი: გვ485-529 ; ადგილთა საძიებელი: გვ. 531-535
653 _aსაქართველოს სოციალ-დემოკრატიული პარტი
653 _aსაქართველოს ისტორია
700 _aიაკობაშვილი, ირაკლი
_eსარედაქციო საბჭო
_95636
700 _aხოსიტაშვილი, მზია
_eსარედაქციო საბჭო
_95612
700 _aჯგერენაია, ემზარ
_eსარედაქციო საბჭო
_95613
942 _2udc
_cBK